000 00401nam a22001457a 4500
003 OSt
005 20260324110959.0
008 211115b ||||| |||| 00| 0 eng d
040 _cAIMIT LIBRARY
100 _aAysha, Safa; T Vanitha.
_d181727
_910374
245 _aSCHOOLPHINS(LMS) /
260 _aParrophins, Mangalore.
_bVanitha T.
_c2021
856 _uURL:https://parrophins.com.
942 _2ddc
_cPRO
999 _c220572
_d220572